Expostulatory odes to a great duke, and a little lord /

Bibliographic Details
Main Author: Pindar, Peter, 1738-1819
Format: Book
Language:English
Published: London : Printed for G. Kearsley, at Johnson's Head, No. 46, Fleet Street, M. DCC. LXXXIX. [1789]
Edition:A new edition.
Series:Pindar, Peter, 1738-1819. [Peter Pindar's works]
Subjects:

MARC

Tag First Indicator Second Indicator Subfields
LEADER 00000cam a2200000 a 4500
001 in00005779945
005 20260428204337.8
008 120905s1789 enk g 000 h eng d
010 |a  32021536  
040 |a SHS  |b eng  |c SHS  |d OCLCO  |d OCLCF  |d OCLCQ  |d NLC  |d OCLCQ  |d PAU  |d OCLCQ  |d OCLCO  |d OCLCQ  |d OCLCL  |d OCLCQ  |d TXA 
016 |a (AMICUS)000005424669 
035 |a (OCoLC)987725667 
043 |a e-uk-en 
050 4 |a PR3765.W7  |b E9 1789 
055 2 |a PR3619* 
082 0 4 |a 827.65  |q OCoLC 
082 4 |a 821.69  |b W848 
084 |a coll3  |2 lacc 
100 1 |a Pindar, Peter,  |d 1738-1819.  |1 https://id.oclc.org/worldcat/entity/E39PBJyx9qX4GgbxHMpVMjqRKd 
245 1 0 |a Expostulatory odes to a great duke, and a little lord /  |c by Peter Pindar, Esquire. 
250 |a A new edition. 
264 1 |a London :  |b Printed for G. Kearsley, at Johnson's Head, No. 46, Fleet Street,  |c M. DCC. LXXXIX. [1789] 
300 |a 56 pages ;  |c 26 cm (4°) 
336 |a text  |b txt  |2 rdacontent 
337 |a unmediated  |b n  |2 rdamedia 
338 |a volume  |b nc  |2 rdacarrier 
340 |m 4to  |2 rdabf 
500 |a Peter Pindar = John Wolcot. 
500 |a Price from imprint: "Price Two Shillings and Six Pence. Entered at Stationers' Hall." 
500 |a The Cushing Library/Rare Books copy was acquired as part of the Lois Goddard Morrison Collection of Eighteenth Century Literature.  |5 TXA 
510 4 |a English short title catalogue,  |c T9593 
600 0 0 |a George  |b III,  |c King of Great Britain,  |d 1738-1820  |v Poetry. 
600 0 0 |a George  |b IV,  |c King of Great Britain,  |d 1762-1830  |v Poetry. 
650 0 |a Odes, English  |v Early works to 1800. 
650 6 |a Odes anglaises  |v Ouvrages avant 1800. 
650 7 |a Odes, English.  |2 fast  |0 (OCoLC)fst01740824 
655 7 |a Early works.  |2 fast  |0 (OCoLC)fst01411636 
655 7 |a Poetry.  |2 lcgft 
655 7 |a Verse satire.  |2 lcgft 
700 1 |a Kearsley, George,  |d -1790,  |e bookseller.  |1 https://id.oclc.org/worldcat/entity/E39PBJvhtG6FfhmpmtHRTVWRrq 
752 |a England  |d London. 
758 |i has work:  |a Expostulatory odes to a great duke and a little lord (Text)  |1 https://id.oclc.org/worldcat/entity/E39PCFYhPTFfhwYvQmcCtxgQxC  |4 https://id.oclc.org/worldcat/ontology/hasWork 
800 1 |a Pindar, Peter,  |d 1738-1819.  |t [Peter Pindar's works] 
936 |a BATCHLOAD 
029 1 |a NLC  |b 000005424669 
994 |a Z0  |b TXA 
948 |h HELD BY TXA - 7 OTHER HOLDINGS 
999 f f |i 94498ac4-451f-495f-997c-a654ed01344d  |s 3d422818-77d1-4df8-a25f-7e3ed593903f  |t 0 
952 f f |p noncirc  |a Texas A&M University  |b College Station  |c Cushing Memorial Library & Archives  |s cush rare  |d Cushing: Rare Books (Does not check out)  |t 0  |e PR3765.W7 E9 1789  |h Library of Congress classification  |i unmediated -- volume  |m A1485342377B 
998 f f |a PR3765.W7 E9 1789  |t 0  |l Cushing: Rare Books (Does not check out)